Tolley's income tax 2012-13 / (Record no. 5865)

MARC details
000 -LEADER
fixed length control field 00575nam a22001937a 4500
008 - FIXED-LENGTH DATA ELEMENTS--GENERAL INFORMATION
fixed length control field 140624b xxu||||| |||| 00| 0 eng d
020 ## - INTERNATIONAL STANDARD BOOK NUMBER
International Standard Book Number 9-7807-5454-3411
082 ## - DEWEY DECIMAL CLASSIFICATION NUMBER
Edition number 22 ed.
Classification number 343.41052
Item number TOL
100 ## - MAIN ENTRY--PERSONAL NAME
Personal name Tolley
245 ## - TITLE STATEMENT
Title Tolley's income tax 2012-13 /
Statement of responsibility, etc David Smailes FCA, Consultant editor
250 ## - EDITION STATEMENT
Edition statement 97 ed.
260 ## - PUBLICATION, DISTRIBUTION, ETC. (IMPRINT)
Place of publication, distribution, etc UK :
Name of publisher, distributor, etc LexisNexis
Date of publication, distribution, etc 2012
300 ## - PHYSICAL DESCRIPTION
Extent xvi, 1986 P. ;
Dimensions 23 Cm.
500 ## - GENERAL NOTE
General note Includes Index
650 ## - SUBJECT ADDED ENTRY--TOPICAL TERM
Topical term or geographic name as entry element Income tax
650 ## - SUBJECT ADDED ENTRY--TOPICAL TERM
Topical term or geographic name as entry element Tolley's income tax 2012-13
700 ## - ADDED ENTRY--PERSONAL NAME
Personal name Smailes , David FCA,
Titles and other words associated with a name Consultant editor
942 ## - ADDED ENTRY ELEMENTS (KOHA)
Source of classification or shelving scheme Dewey Decimal Classification
Item type Books
Holdings
Withdrawn status Lost status Source of classification or shelving scheme Damaged status Not for loan Home library Current library Shelving location Date acquired Total Checkouts Full call number Barcode Date last seen Copy number Price effective from Koha item type Public note
    Dewey Decimal Classification     Law Development Centre Main Library Law Development Centre Main Library Text Books and Laws 06/24/2014   343.41052 TOL 1131/2014 06/24/2014 1 06/24/2014 Books reserve
    Dewey Decimal Classification     Law Development Centre Main Library Law Development Centre Main Library Text Books and Laws 06/24/2014   343.41052 TOL 1132/2014 06/24/2014 2 06/24/2014 Books reserve